| 000 | 01561nam a22004097a 4500 | ||
|---|---|---|---|
| 003 | CHAP | ||
| 005 | 20220329135856.0 | ||
| 008 | 971013s1981 r 00010 d | ||
| 010 | _a43662 | ||
| 011 | _a44634 | ||
| 035 | _a48772 | ||
| 040 | _cCHAP | ||
| 090 | _aFolleto 10229 | ||
| 110 |
_aMéxico. Subsecretaría Forestal y de la Fauna _977260 |
||
| 245 | _aReuniones para el análisis de la problemática forestal básica | ||
| 260 |
_aMéxico, D.F. : _bLa Subsecretaría, _c1981-82 |
||
| 300 | _a2 v. | ||
| 490 | _aInformación de la unidad de apoyo técnico | ||
| 500 | _av.2 c.4-5 en bodega | ||
| 590 |
_aBATCH-UPD _b10 _c20130110 _lUCH01 _h0012 |
||
| 590 |
_aBATCH-UPD _b10 _c20130110 _lUCH01 _h1727 |
||
| 590 |
_aBATCH-UPD _b10 _c20130409 _lUCH01 _h1950 |
||
| 590 |
_aBATCH-UPD _b10 _c20130410 _lUCH01 _h1109 |
||
| 590 |
_aBATCH-UPD _b10 _c20130914 _lUCH01 _h0713 |
||
| 590 |
_aCONVERSION _b10 _c20130109 _lUCH01 _h1324 |
||
| 650 | 1 | 4 |
_aBosques _xMéxico. _914341 |
| 650 | 1 | 4 |
_aPolítica forestal _zMéxico. _990610 |
| 830 | 0 |
_aInformación de la unidad de apoyo técnico _958083 |
|
| 901 | _aBK | ||
| 942 | _cFOLL | ||
| 949 |
_aFolleto 10229 _bBC _cFOLL _d-110281 _eTS1 _fv.1 _i48772 _si |
||
| 949 |
_aFolleto 10229 _bBC _cFOLL _d-110285 _eTS2 _fv.1 c.2 _i48772 _mD _si |
||
| 949 |
_aFolleto 10229 _bBC _cFOLL _d-110286 _eTS2 _fv.1 c.3 _i48772 _mD _si |
||
| 949 |
_aFolleto 10229 _bBC _cFOLL _d-110287 _eTS2 _fv.2 _i48772 _mD _si |
||
| 949 |
_aFolleto 10229 _bBC _cFOLL _d-110289 _eTS2 _fv.2 c.2 _i48772 _mD _si |
||
| 949 |
_aFolleto 10229 _bBC _cFOLL _d-110290 _eTS2 _fv.2 c.3 _i48772 _si |
||
| 999 |
_c43662 _d43662 |
||